Central Library OPAC University of Rajshahi

The explorers : (Record no. 21518)

MARC details
000 -LEADER
fixed length control field 00706cam a22002531 4500
001 - CONTROL NUMBER
control field 21518
003 - CONTROL NUMBER IDENTIFIER
rucl marc code BD-RjUL
005 - DATE AND TIME OF LATEST TRANSACTION
control field 20211209000709.0
008 - FIXED-LENGTH DATA ELEMENTS--GENERAL INFORMATION
fixed length control field 140304s1962 enka 001 0 eng
035 ## - SYSTEM CONTROL NUMBER
System control number (BD-RjUL)21582
System control number (OCoLC)3599875
040 ## - CATALOGING SOURCE
Original cataloging agency DLC
Transcribing agency NSufR
Modifying agency Uk
-- DLC
-- BD-RjUL
Language of cataloging eng
041 ## - LANGUAGE CODE
Language code of text/sound track or separate title eng
082 ## - DEWEY DECIMAL CLASSIFICATION NUMBER
Classification number 910
Author mark and year CRE
100 1# - MAIN ENTRY--PERSONAL NAME
Personal name Crone, G. R.
Fuller form of name (Gerald Roe)
9 (RLIN) 66460
245 14 - TITLE STATEMENT
Title The explorers :
Remainder of title an anthology of discovery /
Statement of responsibility, etc. G.R. Crone
260 ## - PUBLICATION, DISTRIBUTION, ETC. (IMPRINT)
Place of publication, distribution, etc. London :
Name of publisher, distributor, etc. Casell,
Date of publication, distribution, etc. c1962.
300 ## - PHYSICAL DESCRIPTION
Pagination xvii, 361 p. :
Illustrations illus. ;
Size 22 cm.
650 #0 - SUBJECT ADDED ENTRY--TOPICAL TERM
Topical term or geographic name as entry element Explorers.
9 (RLIN) 22219
Topical term or geographic name as entry element Discoveries in geography.
9 (RLIN) 66295
942 ## - ADDED ENTRY ELEMENTS (KOHA)
Source of classification or shelving scheme Dewey Decimal Classification
Koha item type Books
Holdings
Lost status Source of classification or shelving scheme Damaged status Not for loan Collection code Permanent Location Current Location Shelving location Date acquired Source of acquisition Cost, normal purchase price Total Checkouts Full call number Date last seen Copy number Koha item type
  Dewey Decimal Classification   Added to bundle Non-fiction Central Library, University of Rajshahi Central Library, University of Rajshahi Reading Room 20/06/1963 Zeitlinger 25.00   910 CRE 1962 04/03/2014 C-1 Books